000 00898nmc a2200349 a 4500
003 AR-BaBNM
005 20251128205945.0
008 148019s1997 ||||||||||||||000 | spa||
020 _a950-23-0654-6
040 _cAR-BaBNM
245 1 0 _aIntroducción a la ciencia política
260 _aBuenos Aires
_bEudeba
_c1997
300 _a391 p.
_bgráfs., tablas
490 0 _aManuales
650 4 _aCIENCIAS POLITICAS
650 4 _aFORMACION POLITICA
650 4 _aPATRIOTISMO
650 4 _aEDUCACION MORAL
650 4 _aDEMOCRACIA
650 4 _aHISTORIA POLITICA
650 4 _aLIBERALISMO
650 4 _aPARLAMENTO
650 4 _aINSTITUCIONES POLITICAS
650 4 _aGOBIERNO
650 4 _aPOLITICOS
650 4 _aSISTEMAS PARLAMENTARIOS
650 4 _aLEGISLACION
650 4 _aPARTIDOS POLITICOS
700 1 _aPinto, Julio
_ecompilador
942 _cBK
998 _cMariana
999 _c13473
_d13473